Чужинці про Україну (Запис № 318775)

МАРК-запис
000 -LEADER
fixed length control field 00893nam a22002657a 4500
001 - CONTROL NUMBER
control field 32333
003 - CONTROL NUMBER IDENTIFIER
control field UA-OsUOA
005 - DATE AND TIME OF LATEST TRANSACTION
control field 20201130211449.0
007 - PHYSICAL DESCRIPTION FIXED FIELD--GENERAL INFORMATION
fixed length control field ta
008 - FIXED-LENGTH DATA ELEMENTS--GENERAL INFORMATION
fixed length control field 20050131b un ||||| |||| 00| 0 ukr d
020 ## - INTERNATIONAL STANDARD BOOK NUMBER
International Standard Book Number 5-7707-23-13-0
040 ## - CATALOGING SOURCE
Original cataloging agency UA-OsUOA
Language of cataloging ukr
Transcribing agency UA-OsUOA
Modifying agency UA-OsUOA
041 ## - LANGUAGE CODE
Language code of text/sound track or separate title ukr
044 ## - COUNTRY OF PUBLISHING/PRODUCING ENTITY CODE
MARC country code UA
080 ## - UNIVERSAL DECIMAL CLASSIFICATION NUMBER
Universal Decimal Classification number 94(477)
090 ## - LOCALLY ASSIGNED LC-TYPE CALL NUMBER (OCLC); LOCAL CALL NUMBER (OCLC)
Classification number (OCLC) (R) ; Classification number, CALL (RLIN) (NR) 94(477)
Local cutter number (OCLC) ; Book number/undivided call number, CALL (RLIN) С41
100 ## - MAIN ENTRY--PERSONAL NAME
Personal name Січинський В.
245 ## - TITLE STATEMENT
Title Чужинці про Україну
Remainder of title вибір з описів подорожей по Україні та інших писань чужинців про Україну за десять століть
260 ## - PUBLICATION, DISTRIBUTION, ETC. (IMPRINT)
Place of publication, distribution, etc К.
Name of publisher, distributor, etc Довіра
Date of publication, distribution, etc 1992
300 ## - PHYSICAL DESCRIPTION
Extent 256 с.
650 #7 - SUBJECT ADDED ENTRY--TOPICAL TERM
Topical term or geographic name as entry element 9 Географія. Біографії. Історія
Source of heading or term UDC
942 ## - ADDED ENTRY ELEMENTS (KOHA)
Koha item type Книги
Source of classification or shelving scheme Universal Decimal Classification
955 ## - COPY-LEVEL INFORMATION (RLIN)
Classification number, CCAL (RLIN) Літературно-художні видання
Фонди
Withdrawn status Lost status Source of classification or shelving scheme Damaged status Not for loan Collection code Home library Current library Date acquired Source of acquisition Cost, normal purchase price Inventory number Total Checkouts Full call number Barcode Date last seen Price effective from Koha item type
Withdrawn   Universal Decimal Classification     Колекція Полковського В. ЧЗ - Читальна зала ЧЗ - Читальна зала 01/06/2018 20/2018 15.00 159188   94(477) С41 159188 13/07/2019 31/01/2005 Книги
    Universal Decimal Classification       ЧЗ - Читальна зала ЧЗ - Читальна зала 31/01/2005   5.00 75159   94(477) С41 75159 07/02/2022 31/01/2005 Книги
    Universal Decimal Classification       ЧЗ - Читальна зала ЧЗ - Читальна зала 24/07/2006 74/2006 3.00 97397   94(477) С41 97397 06/02/2022 24/07/2006 Книги
    Universal Decimal Classification       ЧЗ - Читальна зала ЧЗ - Читальна зала 05/04/2011 44/2011 15.00 131751   94(477) С41 131751 07/02/2022 05/04/2011 Книги